<?xml version="1.0" encoding="UTF-8"?>
<collection xmlns="http://www.loc.gov/MARC21/slim">
<record>
  <controlfield tag="001">145438</controlfield>
  <controlfield tag="005">20241030091919.0</controlfield>
  <datafield tag="024" ind1="8" ind2=" ">
    <subfield code="2">sideral</subfield>
    <subfield code="a">140149</subfield>
  </datafield>
  <datafield tag="037" ind1=" " ind2=" ">
    <subfield code="a">ART-2020-140149</subfield>
  </datafield>
  <datafield tag="041" ind1=" " ind2=" ">
    <subfield code="a">spa</subfield>
  </datafield>
  <datafield tag="100" ind1=" " ind2=" ">
    <subfield code="a">Colón Mur, María Alegría</subfield>
    <subfield code="u">Universidad de Zaragoza</subfield>
    <subfield code="0">(orcid)0000-0002-6358-0597</subfield>
  </datafield>
  <datafield tag="245" ind1=" " ind2=" ">
    <subfield code="a">Reseña de libro: Salvador Pérez Arroyo. Escritos de un arquitecto (2019)</subfield>
  </datafield>
  <datafield tag="260" ind1=" " ind2=" ">
    <subfield code="c">2020</subfield>
  </datafield>
  <datafield tag="520" ind1="3" ind2=" ">
    <subfield code="a">Escritos de un arquitecto contiene cuarenta artículos y dieciocho edificios con los que es posible recorrer el imaginario de una persona inexorable-mente unida a las áreas consideradas más significativas del pensamiento: la palabra, la imagen y la tecnología. Su autor, Salvador Pérez Arroyo, muestra en ellos una gran honestidad intelectual, algo que requiere siempre de un enorme grado de coherencia y solidez de principios. Ser intelectualmente honesto significa ser libre pero también ser fiel a sí mismo, características de este arquitecto, presentes siempre en esta sugerente recopilación, tal y como nos anticipa su editor, Eduardo Delgado, al definirla de manera muy acertada como un relato del mundo o como un texto a medio camino entre un diario de viaje y un proyecto autobiográfico. De igual manera, con el cariño que da la admiración, habla de Salvador Pérez Arroyo como un explorador, como un científico del futuro con gran inteligencia y sentido crítico además de una enorme capacidad para unir mundos distintos en busca siempre de la esencialidad de la arquitectura.</subfield>
  </datafield>
  <datafield tag="506" ind1="0" ind2=" ">
    <subfield code="a">Access copy available to the general public</subfield>
    <subfield code="f">Unrestricted</subfield>
  </datafield>
  <datafield tag="540" ind1=" " ind2=" ">
    <subfield code="9">info:eu-repo/semantics/openAccess</subfield>
    <subfield code="a">by-nc-sa</subfield>
    <subfield code="u">http://creativecommons.org/licenses/by-nc-sa/3.0/es/</subfield>
  </datafield>
  <datafield tag="655" ind1=" " ind2="4">
    <subfield code="a">info:eu-repo/semantics/other</subfield>
    <subfield code="v">info:eu-repo/semantics/publishedVersion</subfield>
  </datafield>
  <datafield tag="710" ind1="2" ind2=" ">
    <subfield code="1">5010</subfield>
    <subfield code="2">715</subfield>
    <subfield code="a">Universidad de Zaragoza</subfield>
    <subfield code="b">Unidad Predepartam. Arquitect.</subfield>
    <subfield code="c">Área Proyectos Arquitectónicos</subfield>
  </datafield>
  <datafield tag="773" ind1=" " ind2=" ">
    <subfield code="g">03 (2020), 117</subfield>
    <subfield code="p">Veredes arquit. divulg.</subfield>
    <subfield code="t">Veredes, arquitectura y divulgación</subfield>
    <subfield code="x">2659-9139</subfield>
  </datafield>
  <datafield tag="856" ind1="4" ind2="1">
    <subfield code="u">https://veredes.es/vad/index.php/vad/article/view/VAD-03-el-orden-salvador-perez-arroyo-escritos-de-un-arquitecto-</subfield>
    <subfield code="z">Texto completo de la revista</subfield>
  </datafield>
  <datafield tag="856" ind1="4" ind2=" ">
    <subfield code="s">639550</subfield>
    <subfield code="u">http://zaguan.unizar.es/record/145438/files/texto_completo.pdf</subfield>
    <subfield code="y">Versión publicada</subfield>
  </datafield>
  <datafield tag="856" ind1="4" ind2=" ">
    <subfield code="s">2821789</subfield>
    <subfield code="u">http://zaguan.unizar.es/record/145438/files/texto_completo.jpg?subformat=icon</subfield>
    <subfield code="x">icon</subfield>
    <subfield code="y">Versión publicada</subfield>
  </datafield>
  <datafield tag="909" ind1="C" ind2="O">
    <subfield code="o">oai:zaguan.unizar.es:145438</subfield>
    <subfield code="p">articulos</subfield>
    <subfield code="p">driver</subfield>
  </datafield>
  <datafield tag="951" ind1=" " ind2=" ">
    <subfield code="a">2024-10-30-08:48:28</subfield>
  </datafield>
  <datafield tag="980" ind1=" " ind2=" ">
    <subfield code="a">ARTICLE</subfield>
  </datafield>
</record>
</collection>